[Event "FIDE WCh KO"]
[Site "Las Vegas USA"]
[Date "1999.08.03"]
[Round "2.1"]
[White "Kobalija, M."]
[Black "Adams, Mi"]
[Result "0-1"]
[WhiteElo "2573"]
[BlackElo "2708"]
[PlyCount "74"]
[EventDate "1999.07.31"]
[Source "www.chesslib.no"]
[SourceDate "2004.05.04"]

1. e4 e5 2. Nf3 Nc6 3. Bb5 Bc5 4. O-O Nd4 5. Nxd4 Bxd4 6. c3 Bb6 7. d4 c6 8. Bc4 d6 9. Qb3 Qe7 10. dxe5 dxe5 11. a4 Nf6 12. a5 Bc5 13. Qc2 Be6 14. Nd2 Rd8 15. Be2 a6 16. Nc4 Ng4 17. Bxg4 Bxc4 18. Rd1 O-O 19. b3 Qh4 20. bxc4 Qxg4 21. Be3 Bxe3 22. fxe3 Qg5 23. Qe2 Qe7 24. Rxd8 Rxd8 25. Rd1 g6 26. Rb1 Rd7 27. h3 h5 28. Kh2 Qa3 29. Rd1 Rxd1 30. Qxd1 Qxa5 31. Qb3 b6 32. Qb1 Kg7 33. Qd3 Qc5 34. Qc2 Qe7 35. Qb1 a5 36. Qxb6 Qh4 37. Kg1 Qxe4 0-1

[Event "Las Vegas (m/1)"]
[Site "?"]
[Date "1999.??.??"]
[Round "?"]
[White "Kobalija, M."]
[Black "Adams, M."]
[Result "0-1"]
[WhiteElo "2570"]
[BlackElo "2705"]
[PlyCount "78"]
[EventDate "1999.??.??"]
[Source "Chess Informant"]
[SourceDate "1999.06.01"]

1. e4 e5 2. Nf3 Nc6 3. Bb5 Bc5 4. O-O Nd4 5. Nxd4 Bxd4 6. c3 Bb6 7. d4 c6 8. Bc4 d6 9. Qb3 Qe7 10. dxe5 dxe5 11. a4 Nf6 12. a5 Bc5 13. Qc2 Be6 14. Nd2 Rd8 15. Be2 a6 16. Nc4 Ng4 17. Bxg4 Bxc4 18. Rd1 O-O 19. b3 Qh4 20. bxc4 Qxg4 21. Be3 Bxe3 22. fxe3 Qg5 23. Qe2 Qe7 24. Rxd8 Rxd8 25. Rd1 g6 26. Rb1 Rd7 27. h3 h5 28. Kh2 Qa3 29. Rd1 Rxd1 30. Qxd1 Qxa5 31. Qb3 b6 32. Qb1 Kg7 33. Qd3 Qc5 34. g4 hxg4 35. hxg4 a5 36. g5 Qe7 37. Qb1 Qxg5 38. Qxb6 Qh4+ 39. Kg1 Qxe4 0-1

[Event "Pribram op rap"]
[Site "Pribram"]
[Date "1997.??.??"]
[Round "4"]
[White "Hracek, Zbynek"]
[Black "Rogers, Ian"]
[Result "1/2-1/2"]
[WhiteElo "2630"]
[BlackElo "2600"]
[PlyCount "85"]
[EventDate "1997.??.??"]
[Source "www.chesslib.no"]
[SourceDate "2004.05.04"]

1. e4 e5 2. Nf3 Nc6 3. Bb5 Bc5 4. O-O Qf6 5. c3 Nge7 6. d3 h6 7. Be3 Bb6 8. Nbd2 d6 9. Nc4 Bg4 10. Nxb6 axb6 11. d4 O-O 12. Be2 Ng6 13. h3 Bc8 14. Qd2 Re8 15. d5 Nce7 16. Nh2 Nf4 17. Bg4 Neg6 18. a4 Nh4 19. Bxf4 exf4 20. Bxc8 Raxc8 21. f3 h5 22. a5 bxa5 23. Rxa5 Re5 24. Rf2 c6 25. Qd4 Qd8 26. Ra1 cxd5 27. exd5 Qg5 28. c4 Rce8 29. b4 Re1+ 30. Nf1 Nf5 31. Qc3 R8e3 32. Qxe1 Rxe1 33. Rxe1 b6 34. Rd1 Qf6 35. Rc2 Qe5 36. c5 bxc5 37. bxc5 Nd4 38. Rc4 dxc5 39. Rxc5 Kh7 40. Rc4 Nf5 41. Rc2 g5 42. Rcd2 Nd6 43. Rd4 1/2-1/2

[Event "Jonsson Mem Open, Reykjavik ISL"]
[Site "?"]
[Date "2001.??.??"]
[Round "3"]
[White "Stefansson, H."]
[Black "Sokolov, I."]
[Result "1/2-1/2"]
[WhiteElo "2575"]
[BlackElo "2655"]
[PlyCount "27"]
[EventDate "2001.??.??"]
[Source "www.chesslib.no"]
[SourceDate "2004.05.04"]

1. e4 e5 2. Nf3 Nc6 3. Bb5 Bc5 4. O-O d6 5. c3 Bd7 6. d4 Bb6 7. Re1 Nge7 8. Na3 O-O 9. h3 h6 10. Ba4 exd4 11. cxd4 d5 12. exd5 Nxd5 13. Bb3 Be6 14. Nc4 1/2-1/2

[Event "NED-ch op 5'"]
[Site "?"]
[Date "2002.02.15"]
[Round "?"]
[White "Nijboer Friso"]
[Black "Sokolov Ivan"]
[Result "1-0"]
[WhiteElo "2570"]
[BlackElo "2655"]
[PlyCount "108"]
[EventDate "2002.??.??"]
[Source "www.chesslib.no"]
[SourceDate "2004.05.04"]

1. e4 e5 2. Nf3 Nc6 3. Bb5 Bc5 4. O-O d6 5. c3 Bd7 6. d4 Bb6 7. Bg5 f6 8. Be3 Nge7 9. a4 a6 10. Bc4 Ng6 11. b4 Nce7 12. Qb3 Rf8 13. Nbd2 h5 14. h3 Qc8 15. Kh2 Nh8 16. Be2 g5 17. dxe5 dxe5 18. Nxe5 fxe5 19. Bxh5+ Nhg6 20. Bxg5 Be6 21. Qd1 Bf7 22. Qe2 Qe6 23. Rad1 Rd8 24. Bg4 Qc6 25. Nf3 Rd6 26. Rxd6 cxd6 27. Qd2 Bc7 28. Re1 Qxa4 29. h4 Qc6 30. g3 Bc4 31. h5 Nh8 32. Bxe7 Kxe7 33. Qg5+ Ke8 34. h6 Nf7 35. Qg7 Rh8 36. Bh5 Rxh6 37. Qxh6 Ke7 38. Qg7 Qe8 39. Ng5 Qf8 40. Qxf8+ Kxf8 41. Bxf7 Bxf7 42. Nxf7 Kxf7 43. g4 Kg6 44. Kg3 b6 45. Ra1 a5 46. bxa5 bxa5 47. c4 Bb6 48. f3 Kg5 49. Rb1 Be3 50. Rd1 Bc5 51. Kg2 Bb4 52. Ra1 Kf4 53. Ra2 Kg5 54. Rb2 Be1 1-0

[Event "Redbus Knockout"]
[Site "London"]
[Date "2000.??.??"]
[Round "3.1"]
[White "Rowson, Jonathan"]
[Black "Adams, Michael"]
[Result "1/2-1/2"]
[WhiteElo "2499"]
[BlackElo "2715"]
[PlyCount "55"]
[EventDate "2000.04.21"]
[Source "ChessBase"]
[SourceDate "2000.05.31"]

1. e4 e5 2. Nf3 Nc6 3. Bb5 Bc5 4. O-O Nd4 5. Nxd4 Bxd4 6. c3 Bb6 7. d4 c6 8. Ba4 d6 9. Na3 Nf6 10. Bg5 O-O 11. dxe5 dxe5 12. Qf3 h6 13. Rad1 Qe7 14. Bxf6 Qxf6 15. Qxf6 gxf6 16. Bb3 Bg4 17. Rd3 Kh7 18. Nc4 Rad8 19. Rxd8 Rxd8 20. Nxb6 axb6 21. f4 Be6 22. Bxe6 fxe6 23. fxe5 fxe5 24. g3 Kg6 25. Kg2 Rd3 26. Rf3 Rd1 27. Rf2 b5 28. Rf1 1/2-1/2

[Event "IV Campionato UE"]
[Site "Liverpool ING"]
[Date "2008.09.17"]
[Round "9"]
[White "Vachier Lagrave, M."]
[Black "Wells, P."]
[Result "1-0"]
[WhiteElo "2681"]
[BlackElo "2526"]
[PlyCount "67"]
[EventDate "2008.09.09"]
[Source "www.chesslib.no"]
[SourceDate "2004.05.04"]

1. e4 e5 2. Nf3 Nc6 3. Bb5 Bc5 4. O-O Nd4 5. Nxd4 Bxd4 6. c3 Bb6 7. d4 c6 8. Be2 d6 9. Na3 Nf6 10. Nc4 Nxe4 11. Bd3 Nf6 12. Nxd6+ Qxd6 13. dxe5 Qe6 14. exf6 Qxf6 15. Qh5 h6 16. Re1+ Be6 17. Bg5 Bxf2+ 18. Kh1 Qxg5 19. Rxe6+ Kf8 20. Qf3 Kg8 21. Re4 Bc5 22. Rf1 Rf8 23. h4 Qd8 24. Bc4 Rh7 25. Qf5 Bb6 26. Bxf7+ Kh8 27. h5 Bc7 28. Qg6 c5 29. g3 Qd7 30. Kg2 Qd2+ 31. Rf2 Qd7 32. Rfe2 Bd6 33. Re8 Qc6+ 34. Kh2 1-0

[Event "Amsterdam m"]
[Site "Amsterdam NED"]
[Date "1977.??.??"]
[Round "2"]
[White "Timman, Jan H"]
[Black "Spassky, Boris Vasily"]
[Result "1/2-1/2"]
[WhiteElo "2590"]
[BlackElo "2610"]
[PlyCount "186"]
[EventDate "1977.??.??"]
[Source "www.chesslib.no"]
[SourceDate "2004.05.04"]

1. e4 e5 2. Nf3 Nc6 3. Bb5 Bc5 4. O-O Nd4 5. Nxd4 Bxd4 6. c3 Bb6 7. d4 c6 8. Ba4 d6 9. Na3 Nf6 10. Bg5 h6 11. Bxf6 Qxf6 12. d5 Bd7 13. Nc4 Ke7 14. b4 h5 15. Na5 Bxa5 16. bxa5 Rhc8 17. Rb1 Rab8 18. dxc6 Bxc6 19. Bxc6 Rxc6 20. Qxh5 Rc5 21. a6 b6 22. a4 Rbc8 23. Qg4 R8c7 24. f4 exf4 25. Rxf4 Qxc3 26. Rbf1 Kf8 27. Qh4 g6 28. Qd8+ Kg7 29. Rh4 Rh5 30. Rxh5 gxh5 31. Qg5+ Kf8 32. Qd8+ Kg7 33. h3 Qd4+ 34. Kh1 Rc2 35. Qg5+ Kf8 36. Qxh5 Qg7 37. Qf3 Qg6 38. Rd1 Rc4 39. e5 dxe5 40. Qa8+ Kg7 41. Qxa7 Rxa4 42. Qb7 b5 43. a7 Qa6 44. Qb8 Qxa7 45. Qxe5+ f6 46. Qxb5 Ra1 47. Rxa1 Qxa1+ 48. Kh2 Qd4 49. Qb7+ Kg6 50. Qf3 f5 51. Qe2 Kf6 52. Qe1 Kg5 53. Qe7+ Kg6 54. Qe6+ Kg5 55. Qg8+ Kh5 56. Qg3 Qe4 57. Qd6 Kg5 58. Qd8+ Kh5 59. Qd1+ Kg5 60. g3 Kh6 61. Qd2+ Kh5 62. Qd1+ Kh6 63. Qd6+ Kh5 64. Qd2 Qf3 65. h4 Kg6 66. Qg2 Qe3 67. Kh3 Qc1 68. Qf3 Qe1 69. Kg2 Qd2+ 70. Kf1 Qc1+ 71. Kf2 Qc2+ 72. Qe2 Qc5+ 73. Qe3 Qc2+ 74. Kg1 Qb1+ 75. Kg2 Qa2+ 76. Kf3 Qd5+ 77. Kf2 Qa2+ 78. Qe2 Qa7+ 79. Kg2 Qb7+ 80. Kh2 Qc6 81. Qe3 Qc2+ 82. Kh3 Qb1 83. Qe6+ Kh5 84. Qe8+ Kh6 85. Kg2 Qa2+ 86. Kf3 Qd5+ 87. Kf2 Qd2+ 88. Qe2 Qd5 89. Qe3+ Kg6 90. Qg5+ Kf7 91. Qh5+ Kf6 92. Qh6+ Kf7 93. Qg5 Qa2+ 1/2-1/2

[Event "Hastings 8899"]
[Site "Hastings"]
[Date "1988.??.??"]
[Round "?"]
[White "Chandler, Murray G"]
[Black "Gulko, Boris F"]
[Result "1/2-1/2"]
[WhiteElo "2605"]
[BlackElo "2590"]
[PlyCount "55"]
[EventDate "1988.12.??"]
[Source "ChessBase"]

1. e4 e5 2. Nf3 Nc6 3. Bb5 Bc5 4. O-O Nd4 5. Nxd4 Bxd4 6. c3 Bb6 7. d4 c6 8. Ba4 d6 9. Na3 exd4 10. cxd4 Ne7 11. Bf4 d5 12. exd5 Nxd5 13. Re1+ Be6 14. Be5 O-O 15. Nc4 Bc7 16. Bc2 Nb4 17. Bb3 Bxe5 18. Nxe5 Bd5 19. a3 Na6 20. Re3 f6 21. Nd3 Nc7 22. Nf4 Qd6 23. Nxd5 Nxd5 24. Qh5 g6 25. Bxd5+ Qxd5 26. Qxd5+ cxd5 27. Rc1 Rac8 28. Rec3 1/2-1/2

[Event "It (Open) INT"]
[Site "?"]
[Date "2006.05.06"]
[Round "?"]
[White "Maslak Konstantin"]
[Black "Metljahin Dmitrij"]
[Result "1-0"]
[WhiteElo "2549"]
[BlackElo "2639"]
[PlyCount "163"]
[EventDate "2006.??.??"]
[Source "www.chesslib.no"]
[SourceDate "2004.05.04"]

1. e4 e5 2. Nf3 Nc6 3. Bb5 Bc5 4. O-O Nd4 5. Nxd4 Bxd4 6. c3 Bb6 7. Bc4 d6 8. d4 c6 9. Be3 Nf6 10. f3 O-O 11. Qd2 Re8 12. Bb3 d5 13. dxe5 Bxe3+ 14. Qxe3 Rxe5 15. Nd2 dxe4 16. Nxe4 Nxe4 17. fxe4 Be6 18. Qf4 Qg5 19. Qxg5 Rxg5 20. Bxe6 fxe6 21. Rad1 Re5 22. Rd7 Rxe4 23. Rxb7 Rd8 24. h3 Re2 25. Rff7 Rdd2 26. Rxg7+ Kf8 27. Rbf7+ Ke8 28. Rxa7 Kf8 29. Raf7+ Ke8 30. Rc7 Kf8 31. Rg4 Rxb2 32. a4 h5 33. Rg5 h4 34. Kh2 Re1 35. Rh7 Rbb1 36. Rxh4 Rbc1 37. Rc4 Ra1 38. Kg3 e5 39. Rxc6 Rxa4 40. Re6 Kf7 41. Rexe5 Rc1 42. Rgf5+ Kg6 43. Rf3 Ra6 44. Re4 Rc6 45. Rg4+ Kh5 46. Rgf4 R1xc3 47. Rxc3 Rxc3+ 48. Rf3 Rc4 49. Rf5+ Kg6 50. Ra5 Rb4 51. h4 Rb3+ 52. Kg4 Rb4+ 53. Kh3 Rb3+ 54. g3 Rb4 55. Ra6+ Kg7 56. h5 Kh7 57. g4 Kg7 58. Kh4 Rb5 59. Ra7+ Kf6 60. Rc7 Rb1 61. g5+ Kf5 62. Rf7+ Ke6 63. Rf6+ Ke5 64. h6 Rh1+ 65. Kg4 Rh2 66. Rf8 Ke6 67. Ra8 Kf7 68. Ra6 Rg2+ 69. Kf4 Rf2+ 70. Kg3 Rf1 71. Ra7+ Kg8 72. Rg7+ Kh8 73. Rb7 Rg1+ 74. Kf4 Kg8 75. Kf5 Rc1 76. Rb8+ Kh7 77. Rb7+ Kg8 78. Kg6 Rc6+ 79. Kh5 Rc5 80. Rb8+ Kh7 81. Ra8 Rb5 82. Ra7+ 1-0

[Event "Sweden"]
[Site "?"]
[Date "2001.10.13"]
[Round "2"]
[White "Wedberg Tom"]
[Black "Sokolov Ivan"]
[Result "1/2-1/2"]
[WhiteElo "2529"]
[BlackElo "2658"]
[PlyCount "36"]
[EventDate "2001.??.??"]
[Source "www.chesslib.no"]
[SourceDate "2004.05.04"]

1. e4 e5 2. Nf3 Nc6 3. Bb5 Bc5 4. O-O d6 5. d4 exd4 6. Nxd4 Bd7 7. Nf5 g6 8. Ne3 Nf6 9. Nc3 a6 10. Ba4 b5 11. Bb3 Nd4 12. Ned5 Nxd5 13. exd5 O-O 14. Ne4 Bb6 15. Kh1 Bf5 16. Ng3 Bd7 17. Ne4 Bf5 18. Ng3 Bd7 1/2-1/2

[Event "Amsterdam m1"]
[Site "?"]
[Date "2004.07.21"]
[Round "5"]
[White "L'Ami Erwin"]
[Black "Sokolov Ivan"]
[Result "1/2-1/2"]
[WhiteElo "2516"]
[BlackElo "2663"]
[PlyCount "43"]
[EventDate "2004.??.??"]
[Source "www.chesslib.no"]
[SourceDate "2004.05.04"]

1. e4 e5 2. Nf3 Nc6 3. Bb5 Bc5 4. O-O Nd4 5. Nxd4 Bxd4 6. c3 Bb6 7. d4 c6 8. Ba4 d6 9. Be3 Nf6 10. f3 d5 11. g4 h5 12. g5 Bc7 13. Nd2 O-O 14. Re1 exd4 15. cxd4 dxe4 16. Nxe4 Bf5 17. Nc5 Bc2 18. a3 Re8 19. b4 Qd7 20. Qe2 Qf5 21. f4 b5 22. Kf2 1/2-1/2

[Event "It (Open) INT"]
[Site "?"]
[Date "2006.05.06"]
[Round "?"]
[White "Chuprov Dmitry"]
[Black "Metljahin Dmitrij"]
[Result "1/2-1/2"]
[WhiteElo "2525"]
[BlackElo "2612"]
[PlyCount "99"]
[EventDate "2006.??.??"]
[Source "www.chesslib.no"]
[SourceDate "2004.05.04"]

1. e4 e5 2. Nf3 Nc6 3. Bb5 Bc5 4. O-O Nd4 5. Nxd4 Bxd4 6. c3 Bb6 7. d4 c6 8. Ba4 d6 9. dxe5 dxe5 10. Qxd8+ Kxd8 11. Nd2 Nf6 12. Bb3 Ke7 13. Nc4 Bc7 14. f3 Be6 15. Be3 Bxc4 16. Bxc4 Bb6 17. Kf2 Rhd8 18. Rfd1 Ne8 19. Ke2 Nd6 20. Bb3 h6 21. Rd2 Bxe3 22. Kxe3 Nb5 23. Rad1 Rxd2 24. Rxd2 f6 25. Bc4 Nc7 26. b4 Rd8 27. Rxd8 Kxd8 28. f4 Ke7 29. Kf3 Nb5 30. Bxb5 cxb5 31. fxe5 fxe5 32. Kg4 g6 33. h4 Kf6 34. h5 g5 35. Kf3 Ke6 36. Kg4 Kf6 37. Kf3 Ke6 38. g4 Kd6 39. Ke3 Kc6 40. Kd3 a6 41. c4 Kd6 42. Kc3 Kc6 43. Kb3 Kb6 44. a4 Kc6 45. axb5+ axb5 46. cxb5+ Kxb5 47. Kc3 Kc6 48. Kc4 b5+ 49. Kc3 Kb6 50. Kb3 1/2-1/2

[Event "Rubinstein mem"]
[Site "Polanica Zdroj"]
[Date "1977.??.??"]
[Round "6"]
[White "Torre, Eugenio"]
[Black "Gulko, Boris F"]
[Result "1/2-1/2"]
[WhiteElo "2550"]
[BlackElo "2585"]
[PlyCount "55"]
[EventDate "1977.08.??"]
[Source "ChessBase"]

1. e4 e5 2. Nf3 Nc6 3. Bb5 Bc5 4. O-O Nd4 5. Nxd4 Bxd4 6. c3 Bb6 7. d4 c6 8. Ba4 d6 9. Na3 Nf6 10. Qd3 O-O 11. Bg5 h6 12. Bh4 g5 13. Bg3 d5 14. Bxe5 Nxe4 15. f3 Nd6 16. Bc2 Bf5 17. Qd2 Bxc2 18. Bxd6 Qxd6 19. Nxc2 Bc7 20. g3 Rae8 21. Rae1 Qg6 22. Rxe8 Rxe8 23. Re1 Rxe1+ 24. Nxe1 Qe6 25. Kg2 Kg7 26. Nd3 Bd6 27. Qe1 Qxe1 28. Nxe1 1/2-1/2

[Event "FRA-ch"]
[Site "Aix les Bains"]
[Date "2003.08.21"]
[Round "4"]
[White "Degraeve, Jean Marc"]
[Black "Bauer, Christian"]
[Result "1/2-1/2"]
[WhiteElo "2541"]
[BlackElo "2589"]
[PlyCount "136"]
[EventDate "2003.08.18"]
[Source "ChessBase"]
[SourceDate "2003.11.11"]

1. e4 e5 2. Nf3 Nc6 3. Bb5 Bc5 4. O-O Nd4 5. Nxd4 Bxd4 6. c3 Bb6 7. d4 c6 8. Ba4 d6 9. Na3 Nf6 10. Bc2 O-O 11. Nc4 Bc7 12. Bg5 h6 13. Bh4 Qe7 14. Ne3 Re8 15. Re1 g5 16. Bg3 Kg7 17. Qf3 Nh7 18. Nf5+ Bxf5 19. Qxf5 Qf6 20. Qxf6+ Nxf6 21. f3 Nh5 22. Bf2 Nf4 23. Kf1 Ng6 24. Red1 Kf6 25. a4 a5 26. Ra3 Ke7 27. Rb3 Reb8 28. Bd3 Nf4 29. Bc4 b5 30. axb5 a4 31. b6 axb3 32. bxc7 Rb7 33. dxe5 d5 34. exd5 Nxd5 35. Bxd5 cxd5 36. Rxd5 Rxc7 37. Rb5 Rc6 38. Bd4 Ke6 39. Rxb3 Ra1+ 40. Kf2 Rc1 41. Rb8 Rc2+ 42. Kg3 Ra6 43. Rh8 Kd7 44. Rh7 Ke8 45. b4 Raa2 46. Kg4 Rxg2+ 47. Kf5 Rxh2 48. e6 fxe6+ 49. Kxe6 Ra6+ 50. Kd5 Rh5 51. Kc4 g4 52. fxg4 Rc6+ 53. Kb3 Rg5 54. Be3 Rgg6 55. b5 Rce6 56. Bc5 Kd8 57. c4 Kc8 58. Kb4 Re1 59. Be7 Re4 60. Bf8 Rgxg4 61. b6 Rxc4+ 62. Kb5 Rcd4 63. Bxh6 Rb4+ 64. Ka6 Ra4+ 65. Kb5 Rgb4+ 66. Kc6 Rc4+ 67. Kb5 Rab4+ 68. Ka6 Ra4+ 1/2-1/2

[Event "GER-ch"]
[Site "Bremen"]
[Date "1998.11.08"]
[Round "3"]
[White "Lutz, Christopher"]
[Black "Rabiega, Robert"]
[Result "1/2-1/2"]
[WhiteElo "2600"]
[BlackElo "2525"]
[PlyCount "111"]
[EventDate "1998.11.06"]
[Source "ChessBase"]
[SourceDate "1999.02.01"]

1. e4 e5 2. Nf3 Nc6 3. Bb5 Bc5 4. O-O d6 5. d4 exd4 6. Nxd4 Bd7 7. Nf5 g6 8. Ne3 Ne5 9. Bxd7+ Qxd7 10. Nc3 O-O-O 11. Rb1 f5 12. Ned5 Ne7 13. b4 Bb6 14. a4 c6 15. Nxb6+ axb6 16. Bg5 h6 17. Bxe7 Qxe7 18. b5 d5 19. exd5 Qc5 20. Rb3 cxd5 21. a5 bxa5 22. Na4 Qc7 23. Qd4 Kb8 24. Nc5 Rhe8 25. Ra1 Ng4 26. g3 Qe5 27. Qxe5+ Nxe5 28. Rxa5 b6 29. Na6+ Kb7 30. Ra1 Nc4 31. Rd1 d4 32. Nb4 Re2 33. Nc6 Rd6 34. Rxd4 Rxc2 35. Rbd3 Rxd4 36. Rxd4 Kc7 37. h4 Nd6 38. Ne5 g5 39. hxg5 hxg5 40. Rd5 Rc5 41. Rxc5+ bxc5 42. g4 f4 43. Kf1 Kb6 44. Ke2 c4 45. Nf3 Nf7 46. Kd2 Kxb5 47. Kc3 Kc5 48. Nd4 Kd5 49. Nf3 Ne5 50. Nxg5 Nxg4 51. Nh3 f3 52. Ng5 Ne5 53. Nh3 Nc6 54. Nf4+ Ke4 55. Nh3 Ne5 56. Ng1 1/2-1/2

[Event "BRA-ch"]
[Site "Sao Paolo"]
[Date "2001.12.20"]
[Round "5"]
[White "Leitao, Rafael"]
[Black "Lima, Darcy"]
[Result "1/2-1/2"]
[WhiteElo "2581"]
[BlackElo "2543"]
[PlyCount "77"]
[EventDate "2001.12.17"]
[Source "ChessBase"]
[SourceDate "2002.01.21"]

1. e4 e5 2. Nf3 Nc6 3. Bb5 Bc5 4. O-O Nd4 5. Nxd4 Bxd4 6. c3 Bb6 7. d4 c6 8. Ba4 d6 9. Na3 Nf6 10. Bg5 h6 11. Bxf6 Qxf6 12. d5 Bd7 13. Nc4 Bc7 14. dxc6 bxc6 15. Qd3 Ke7 16. b4 a6 17. Na5 Bxa5 18. bxa5 Rhb8 19. Rab1 Rb5 20. Bxb5 axb5 21. a4 Rxa5 22. axb5 cxb5 23. c4 bxc4 24. Qxc4 Qe6 25. Qc7 Rc5 26. Qa7 Kf6 27. Rfd1 Bc6 28. Rb6 Kg6 29. f3 Kh7 30. Rb2 f5 31. exf5 Qxf5 32. Qe7 Qf4 33. Qxd6 Qe3+ 34. Rf2 Rc2 35. Qd3+ Qxd3 36. Rxd3 Rc1+ 37. Rf1 Rxf1+ 38. Kxf1 Bb5 39. Ke2 1/2-1/2

[Event "XIX Carlos Torre Mem KO"]
[Site "Merida MES"]
[Date "2006.12.19"]
[Round "2.3"]
[White "Tiviakov, S."]
[Black "De la Paz, F."]
[Result "1-0"]
[WhiteElo "2680"]
[BlackElo "2442"]
[PlyCount "119"]
[EventDate "2006.12.18"]
[Source "www.chesslib.no"]
[SourceDate "2004.05.04"]

1. e4 e5 2. Nf3 Nc6 3. Bb5 Bc5 4. O-O d6 5. c3 Bd7 6. d4 Bb6 7. Bg5 f6 8. Be3 Nge7 9. Nbd2 O-O 10. Nc4 exd4 11. Nxb6 axb6 12. cxd4 d5 13. exd5 Nxd5 14. Bc4 Nce7 15. h3 Kh8 16. Re1 Bc6 17. Bd2 Ng6 18. Bd3 Ndf4 19. Bxf4 Nxf4 20. Be4 Qd7 21. Qd2 Bxe4 22. Rxe4 Nd5 23. a3 Rfe8 24. Rae1 Rxe4 25. Rxe4 Re8 26. Qe2 Re7 27. Nd2 Kg8 28. Nc4 Qe8 29. Rxe7 Qxe7 30. Ne3 Nxe3 31. fxe3 c6 32. Qc4+ Kf8 33. Kf2 g6 34. a4 Kg7 35. Qb3 Qd8 36. Qe6 f5 37. b4 Kh6 38. b5 Qd5 39. Qf6 cxb5 40. axb5 Qxb5 41. Qf8+ Kh5 42. Qf7 Kh6 43. d5 Qd3 44. Qf8+ Kh5 45. d6 Qd2+ 46. Kf3 Qd1+ 47. Kg3 Qe1+ 48. Kf4 Qf2+ 49. Ke5 Qxe3+ 50. Kf6 Qd4+ 51. Ke7 Qe5+ 52. Kd8 b5 53. Qe7 Qh8+ 54. Kc7 Qc3+ 55. Kxb7 b4 56. d7 Qd2 57. d8=Q Qxg2+ 58. Kb8 Qg3+ 59. Qdd6 Qf3 60. Qxh7+ 1-0

[Event "American Continental 1st"]
[Site "Cali"]
[Date "2001.08.13"]
[Round "4"]
[White "Shabalov, Alexander"]
[Black "Lima, Darcy"]
[Result "1/2-1/2"]
[WhiteElo "2574"]
[BlackElo "2543"]
[PlyCount "114"]
[EventDate "2001.08.09"]
[Source "ChessBase"]
[SourceDate "2001.09.11"]

1. e4 e5 2. Nf3 Nc6 3. Bb5 Bc5 4. O-O Nd4 5. Nxd4 Bxd4 6. c3 Bb6 7. d4 c6 8. Ba4 d6 9. h3 Nf6 10. Bc2 O-O 11. Bg5 h6 12. Bh4 Re8 13. Nd2 Be6 14. Nf3 Bc7 15. Qd2 Qe7 16. Rad1 Rad8 17. Qe3 a5 18. a3 b5 19. Kh1 a4 20. Kg1 Bb3 21. Bxb3 axb3 22. d5 cxd5 23. Bxf6 Qxf6 24. Rxd5 Rb8 25. Qe2 Bb6 26. Rxb5 Bc5 27. Rxb8 Rxb8 28. Rd1 g6 29. Kf1 Kg7 30. Ne1 Qe6 31. Nd3 Bb6 32. Nb4 h5 33. Rd2 Rf8 34. Qa6 d5 35. exd5 Qd6 36. Qc4 Qf6 37. d6 Rd8 38. Qd5 e4 39. Qxe4 Rxd6 40. Nd5 Qe6 41. Qxe6 fxe6 42. Nxb6 Rxd2 43. Nc4 Rc2 44. g4 hxg4 45. hxg4 Kf6 46. Kg2 e5 47. a4 Rc1 48. Nd2 Ra1 49. Nxb3 Rxa4 50. Kg3 Ra2 51. Nc5 Rxb2 52. Ne4+ Ke7 53. Kf3 Rb1 54. Ke3 Rd1 55. Ke2 Rd8 56. Ke3 Ke6 57. f3 Rd1 1/2-1/2

[Event "URS-CupT"]
[Site "Tbilisi GEO"]
[Date "1976.??.??"]
[Round "?"]
[White "Tal, Mikhail N"]
[Black "Lutikov, Anatoly S"]
[Result "1/2-1/2"]
[WhiteElo "2615"]
[BlackElo "2500"]
[PlyCount "53"]
[EventDate "1976.04.??"]
[Source "www.chesslib.no"]
[SourceDate "2004.05.04"]

1. e4 e5 2. Nf3 Nc6 3. Bb5 Bc5 4. O-O Nd4 5. Nxd4 Bxd4 6. c3 Bb6 7. d4 c6 8. Ba4 d6 9. Na3 exd4 10. cxd4 Ne7 11. Bg5 f6 12. Bf4 O-O 13. Nc4 d5 14. exd5 Nxd5 15. Bd6 Re8 16. Bc2 g6 17. Re1 Be6 18. Qd2 Bc7 19. Bxc7 Qxc7 20. Bb3 Bf7 21. Rad1 Kg7 22. h3 Rad8 23. Rxe8 Rxe8 24. Re1 Rd8 25. Qe2 Re8 26. Qd2 Rd8 27. Qe2 1/2-1/2

[Event "EU-chT (Men)"]
[Site "Leon"]
[Date "2001.11.15"]
[Round "9.3"]
[White "Illescas Cordoba, Miguel"]
[Black "Hector, Jonny"]
[Result "1/2-1/2"]
[WhiteElo "2577"]
[BlackElo "2528"]
[PlyCount "25"]
[EventDate "2001.11.06"]
[Source "ChessBase"]
[SourceDate "2001.02.01"]

1. e4 e5 2. Nf3 Nc6 3. Bb5 Bc5 4. O-O d6 5. d4 exd4 6. Nxd4 Nge7 7. Be3 Bb6 8. Nc3 O-O 9. Nd5 Bxd4 10. Bxd4 Nxd4 11. Qxd4 c6 12. Nxe7+ Qxe7 13. Bd3 1/2-1/2

[Event "Asian Teams"]
[Site "Jodhpur"]
[Date "2003.04.14"]
[Round "8"]
[White "Zhang Pengxiang"]
[Black "Vakhidov, Tahir"]
[Result "1-0"]
[WhiteElo "2557"]
[BlackElo "2546"]
[PlyCount "60"]
[EventDate "2003.04.07"]
[Source "Roberto Alvarez"]
[SourceDate "2003.04.14"]

1. e4 e5 2. Nf3 Nc6 3. Bb5 Bc5 4. O-O Qf6 5. c3 Nge7 6. b4 Bb6 7. Na3 a6 8. Ba4 Ba7 9. b5 axb5 10. Nxb5 Bb6 11. d4 h6 12. Rb1 O-O 13. d5 Na5 14. d6 cxd6 15. Nxd6 Bc5 16. Nxc8 Rfxc8 17. Qxd7 b6 18. Qd3 Rc7 19. Rd1 Rac8 20. Qe2 Qe6 21. Bb3 Qf6 22. g3 Bd6 23. Bd2 Ba3 24. Kg2 Kh7 25. Qa6 Bc5 26. Be1 Kg8 27. Qe2 Ba3 28. Rd3 Nc4 29. Rbd1 Nd6 30. Nh4 g5 1-0

[Event "Manila m"]
[Site "Manila"]
[Date "1998.02.20"]
[Round "4"]
[White "Antonio, Rogelio Jr"]
[Black "Torre, Eugenio"]
[Result "1/2-1/2"]
[WhiteElo "2520"]
[BlackElo "2560"]
[PlyCount "86"]
[EventDate "1998.02.15"]
[Source "ChessBase"]
[SourceDate "1998.06.15"]

1. e4 e5 2. Nf3 Nc6 3. Bb5 Bc5 4. O-O d6 5. d4 exd4 6. Bxc6+ bxc6 7. Nxd4 Ne7 8. Nc3 O-O 9. Na4 Bb6 10. b3 Bd7 11. Nxb6 axb6 12. Bb2 c5 13. Ne2 Ng6 14. Ng3 f6 15. f4 Qe7 16. a4 Rfe8 17. Qd3 Bc6 18. Rae1 Rad8 19. c4 Qd7 20. h3 Re7 21. Nh5 Rf8 22. f5 Ne5 23. Qg3 Qd8 24. Rf4 Be8 25. Rh4 Bxh5 26. Rxh5 Qe8 27. Rh4 Qa8 28. Bc3 Rfe8 29. Re3 Rf7 30. Qf4 Ree7 31. Rg3 Kh8 32. Kh2 Qg8 33. Rh5 Rf8 34. Qh4 Rfe8 35. Rh6 Rf8 36. Rh5 Rfe8 37. Bxe5 Rxe5 38. Rg4 R8e7 39. Rh6 Rf7 40. Qg3 Qe8 41. Rhh4 Rfe7 42. Qf3 Kg8 43. Qd3 Kh8 1/2-1/2

[Event "Biel (open)"]
[Site "?"]
[Date "1997.??.??"]
[Round "?"]
[White "Pikula, D."]
[Black "Ehlvest, J."]
[Result "1/2-1/2"]
[WhiteElo "2465"]
[BlackElo "2610"]
[PlyCount "61"]
[EventDate "1997.??.??"]
[Source "ChessBase"]
[SourceDate "1997.06.01"]

1. e4 e5 2. Nf3 Nc6 3. Bb5 Bc5 4. O-O d6 5. c3 Bd7 6. d4 Bb6 7. Bg5 f6 8. Be3 Nge7 9. a4 a6 10. Bc4 Bg4 11. d5 Nb8 12. h3 Bxe3 13. hxg4 Ba7 14. g3 Qd7 15. Nh4 h5 16. Nf5 Kf7 17. Kg2 hxg4 18. Nxe7 Kxe7 19. Be2 f5 20. Nd2 g6 21. exf5 gxf5 22. Rh1 Nc6 23. Qc2 Raf8 24. f3 gxf3+ 25. Nxf3 Nd8 26. Nh4 Rhg8 27. Raf1 Rg5 28. g4 Ke8 29. Rxf5 Nf7 30. Rhf1 Rfg8 31. Qe4 1/2-1/2

[Event "BL2-O 9495"]
[Site "GER"]
[Date "1995.??.??"]
[Round "?"]
[White "Jansa, Vlastimil"]
[Black "Kosten, Anthony C"]
[Result "0-1"]
[WhiteElo "2525"]
[BlackElo "2540"]
[PlyCount "122"]
[EventDate "1994.10.??"]
[Source "www.chesslib.no"]
[SourceDate "2004.05.04"]

1. e4 e5 2. Nf3 Nc6 3. Bb5 Bc5 4. O-O d6 5. c3 Bd7 6. d4 Bb6 7. Re1 Nge7 8. Na3 O-O 9. dxe5 Nxe5 10. Bxd7 Nxf3+ 11. Qxf3 Qxd7 12. Nc4 Nc6 13. a4 Qe6 14. Qe2 Ne5 15. Ne3 Bxe3 16. Bxe3 Nc4 17. Bf4 Rae8 18. f3 f5 19. Qf2 fxe4 20. Rxe4 Qf7 21. Rxe8 Rxe8 22. Bg3 a6 23. b3 Na5 24. b4 Nc4 25. Re1 h6 26. Qd4 Rxe1+ 27. Bxe1 Qe6 28. Kf2 Ne5 29. a5 Kf7 30. Bd2 Qc4 31. Qxc4+ Nxc4 32. Bc1 b6 33. axb6 cxb6 34. Ke2 Ke6 35. Kd3 Kd5 36. h4 h5 37. Kc2 Ne5 38. Bg5 Kc4 39. Bd8 b5 40. Bc7 Ng6 41. Bd8 d5 42. Kd2 Ne5 43. Bb6 Nc6 44. g4 g6 45. Bc7 d4 46. cxd4 Nxb4 47. Be5 Nc6 48. Ke3 b4 49. gxh5 gxh5 50. f4 b3 51. Kd2 Nxd4 52. Kc1 a5 53. Kb2 Nf5 54. Bf6 a4 55. Ka3 Kb5 56. Kb2 Ne3 57. Bg7 Nc4+ 58. Kc3 b2 59. Kc2 a3 60. Bc3 Ne3+ 61. Kb1 Nd1 0-1